01048nam a22002417a 450000500170000000800410001702000180005805000250007624501060010125000110020726001060021830000270032450400320035165000590038365000590044265000600050170000410056170000410060270000430064371000880068694200130077499900190078720211124122419.0211123t2014 mx bdo gr|||| 00| 0 spa|d a978607935002404aHD9014.S5 bI54 201400aInfografía agroalimentaria Sinaloa 2014 c / [Colaboradores Patricia Ornelas Ruíz ... [et al.]]. a1a ed. aMéxico :bSecretaría de Agricultura, Ganadería, Desarrollo Rural, Pesca y Alimentación,c2014 a70 p. :bil. ;c20 cm. aIncluye glosario e índice 72lembaIndustrias alimenticiasvEstadísticaszSinaloa 72lembaAgricultura de regionesvEstadísticaszSinaloa 72lembaIndustrias agropecuariasvEstadísticaszSinaloa1 aOrnelas Ruiz, Patricia,ecolaborador1 aRamos Escobar, Rolando,ecolaborador1 aCampos Leal, José Luis,ecolaborador1 aSecretaría de Agricultura, Ganadería, Desarrollo Rural, Pesca y Alimentación. 2lcccLIB c108072d108072